Statistics for Body Say-Lyrics

Click here to take the quiz!

General Stats

  • This quiz has been taken 10 times
    (9 since last reset)
  • The average score is 282 of 385

Answer Stats

Answer% Correct
a
100%
body
100%
I
100%
my
100%
say
100%
the
100%
would
100%
you
100%
all
88%
and
88%
had
88%
if
88%
in
88%
it
88%
love
88%
me
88%
red
88%
to
88%
up
88%
way
88%
baby
75%
can
75%
do
75%
dress
75%
for
75%
lace
75%
show
75%
there
75%
this
75%
turn
75%
underneath
75%
away
63%
down
63%
eyes
63%
hands
63%
left
63%
make
63%
of
63%
one
63%
only
63%
slow
63%
speed
63%
sweat
63%
take
63%
touch
63%
us
63%
with
63%
your
63%
across
50%
again
50%
can't
50%
come
50%
deep
50%
dream
50%
I'd
50%
just
50%
land
50%
off
50%
out
50%
room
50%
taste
50%
tell
50%
there's
50%
thing
50%
wouldn't
50%
anyway
38%
are
38%
cause
38%
chest
38%
crossing
38%
feel
38%
get
38%
getting
38%
I'm
38%
mind's
38%
sex
38%
want
38%
what
38%
at
25%
edge
25%
lead
25%
might
25%
oh
25%
our
25%
paths
25%
scared
25%
told
25%
truth
25%
yeah
25%

Score Distribution

Percentile by Number Answered

Percent of People with Each Score

Your Score History

You have not taken this quiz since the last reset